| 000 | 00658nam a22001577a 4500 | ||
|---|---|---|---|
| 003 | OSt | ||
| 005 | 20151102094120.0 | ||
| 008 | 151102b xxu||||| |||| 00| 0 eng d | ||
| 040 | _cRUA | ||
| 082 | _aFOR ផន 1993 B118 Or.1 | ||
| 100 |
_93169 _aផន វុទ្ធី |
||
| 245 | _aគំរោងដាំដុះព្រៃឈើឡើងវិញនូវប្រភេទលូតលាស់ឆាប់ ដើម្បីដោះស្រាយការផ្គត់ផ្គង់ឈើថាមពលដល់រាជធានីភ្នំពេញ | ||
| 260 |
_aPhnom Penh _bRUA _c1993 |
||
| 300 |
_a80p. _bill. _c29cm. |
||
| 942 |
_2ddc _cFOR |
||
| 999 |
_c2957 _d2957 |
||